000 01009nam a22002777a 4500
005 20101228114732.0
008 101228t xxu||||| |||| 00| 0 eng d
010 _aENG-101885
020 _a9780071071239
_c695.00
020 _a0071071237
_c695.00
035 _aEN-85418
037 _bDBAD / PUB
040 _adpl
_bEng
082 _a005.7575
100 _aJellema, Lucas
_925123
245 _aOracle SOA suite 11g handbook /
_cby Lucas Jellema
260 _aNew Delhi
_bTata Mc-Graw Hill Publishing
_c2011
270 _a7, West Patel Nagar
_bNew Delhi
_e110 008
300 _axxiv,774p. :
_c24 cm (pbk)
_bill.
500 _aIncludes index
650 _925124
_aOracle (Computer file)
650 _aService-oriented architecture (Computer science)
_925129
700 _925126
942 _adpl
_cEN
_2ddc
_h005.7575
_mJEL
999 _c49594
_d49594